Ganadores de Mundial - Estadísticas

Estadísticas generales
  • Esta prueba ha sido intentada 680 veces
  • La puntuación promedio es 7 de 18
Answers on the Grid
Answers color-coded by a green-red scale on the quiz's grid according to % correct below.
Maradona
Ter Stegen
Messi
Pelé
Benzema
Dembelé
Reus
Dani Alves
Cafú
Cristiano Ronaldo
Buffon
Lahm
Iniesta
Cruyff
Bobby Charlton
Roberto Baggio
Gullit
Gordon Banks
Thierry Henry
Van Basten
Advíncula
Fernando Torres
David Villa
Forlán
Neuer
Aguero
Maldini
Cannavaro
Emiliano Martínez
Kylian Mbappé
Rodri
Pepe Reina
 
Estadísticas de respuestas
Respuesta % Correcto
Maradona
97%
Messi
81%
Pelé
74%
Iniesta
48%
Cafú
46%
Dembelé
41%
Neuer
40%
Buffon
34%
Kylian Mbappé
34%
Lahm
34%
David Villa
33%
Emiliano Martínez
32%
Fernando Torres
30%
Cannavaro
27%
Pepe Reina
25%
Thierry Henry
24%
Bobby Charlton
22%
Gordon Banks
12%
No se encontraron pruebas coincidentes
Distribución de puntuación
Porcentaje de gente con cada puntuación
Porcentaje por número respondido
Historial de tus puntuaciones
No has intentado esta prueba.